| 000 | 01715njm a22002657a 4500 | ||
|---|---|---|---|
| 005 | 2010091008118.0 | ||
| 007 | sd ammalaaahaa | ||
| 008 | 100830t xxu||||| |||| 00| 0 hin d | ||
| 028 |
_aTAE-1327 _bGramophon co. |
||
| 035 | _aGR-01869 | ||
| 040 | _aSED/VEN | ||
| 100 |
_917458 _aLata Mangeshker |
||
| 245 |
_aAnar Kali/ _h[Sound recording] : _cby Lata Mangeshker Music(C.Ram Chandra ) Lyric (Rajendr Krishan,Shelendra ,Hasrat Jaipuri ) |
||
| 246 | _aअनारकली / | ||
| 260 |
_aDum Dum, India _bOdeon |
||
| 300 |
_a1 Sound disc [Gramophone Record] : _banalog, 33 1/3 rpm _c7 in (LP) _fGramophone Records |
||
| 500 | _aBrief record | ||
| 505 | _aपार्ट १ यह जिंदगी उसी की है (लता मंगेशकर)( स .राम चन्द्र )(राजेन्द्र क्रिशन ,शेलेन्द्र ,हसरत जयपुरी ) Part 1 Yeh gindgi usi ki hai( Lata mangesker)(C.Ram Chandra )(Rajendr Krishan,Shelendra ,Hasrat Jaipuri पार्ट २ दुआ कर गमे दिल ,ओह आस्मंवाले ( लता मंगेशकर )( क .राम चन्द्र )(राजेन्द्र क्रिशन ),(शेलेन्द्र )(,हसरत जयपुरी ) Part 2 Dua kar game dil ,Oh Aasmanwale ( Lata Mangeshker)( C.Ram Chandra )(Rajendr Krishan),(Shelendra )(,Hasrat Jaipuri) | ||
| 650 |
_aOrchestra _91186 _zIndia _xExcerpts |
||
| 700 |
_917459 _aC .Ram chander _b |
||
| 700 |
_aRajendr Krishan _919239 |
||
| 700 |
_aHasrat Jaipur _919341 |
||
| 942 |
_2ddc _cGR |
||
| 999 |
_c45003 _d45003 |
||